| 000 | 00674nam a22002417a 4500 | ||
|---|---|---|---|
| 008 | 130611b xxu||||| |||| 00| 0 eng d | ||
| 020 | _a81-7035-487-0 | ||
| 024 | _cAvailable | ||
| 037 | _cAvailable | ||
| 040 |
_aMBSTU LIBRARY _dMBSTU LIBRARY |
||
| 082 |
_222 _a574.5 DIS |
||
| 110 | _aArvind , Kumar. | ||
| 245 | _aDisaster ecology and environment. | ||
| 260 |
_aNew Delhi _bDaya Publishing House. _c2007 |
||
| 300 |
_a25 cm. _b372 page _f5 _g25 cm. |
||
| 600 | _2Ecology. | ||
| 650 | _2Ecology. | ||
| 710 | _aArvind , Kumar. | ||
| 270 |
_aNew Delhi _bNew Delhi _dIndia |
||
| 365 |
_b2017.00 _d2017.00 |
||
| 942 |
_2ddc _cBK |
||
| 999 |
_c454 _d454 |
||